Verses on the Effects of the Eucharist
| Titel: | Verses on the Effects of the Eucharist : Memory and the Material Text in Utraquist Miscellanies / Lucie Doležalová |
|---|---|
| Verfasser: | |
| In: |
Religious controversy in Europe, 1378 - 1536, (2013), Seite 105-136 alle Artikel anzeigen |
| Veröffentlicht: | 2013 |
| Umfang: | Illustrationen |
| Format: | Aufsatz |
| Sprache: | Englisch |
X
alg: 40375271 001A $03025:29-05-17 001B $01999:29-05-17 $t23:00:52.000 001C $03025:29-05-17 $t13:54:11.000 001D $03025:29-05-17 001U $0utf8 001X $00 002@ $0Aou 002C $aText $btxt $2rdacontent 002D $aohne Hilfsmittel zu benutzen $bn $2rdamedia 002E $aBand $bnc $2rdacarrier 003@ $040375271X 007A $040375271X $aHEB 010@ $aeng 010E $erda 011@ $a2013 021A $aVerses on the Effects of the Eucharist $dMemory and the Material Text in Utraquist Miscellanies $hLucie Doležalová 028A $BVerfasser $4aut $7139842446 $8Doležalová, Lucie$Z1977- [Tp3] $921826061X 031A $h105-136 $j2013 034M $aIllustrationen 037A $aLiteraturverzeichnis Seite 133-136 039B $aEnthalten in $8--Aau--. Religious controversy in Europe, 1378 - 1536. - Turnhout : Brepols, 2013. - VIII, 350 S.. - Ill., graph. Darst.. - ISBN 2-503-54428-2 $x201300000000000895 $9334337186 044K $RHussiten $74756291-2 $8Utraquisten [Ts1] $9115226184 044K $RWissenschaftlicher Text $RZeitschriftenaufsatz $#Miszellen $#Miszelle $#Miszellanee $77574038-2 $8Miszellaneen [Ts1] $9188482679 044K $RPolitische Identität $RGeschichtsbild $RGeschichtsdenken $#Conscience historique $#Geschichtsbewusstsein $#Historisches Bewusstsein $#Geschichtsverständnis Geschichtsbewusstsein $#Geschichtskultur $74020526-5 $8Geschichtsbewusstsein [Ts1] $9085049387 045R $aGeschichte 1200-1550 lok: 40375271 78 exp: 40375271 78 1 #EPN 201B/01 $029-05-17 $t13:48:00.000 201C/01 $029-05-17 201U/01 $0utf8 203@/01 $01000010414 208@/01 $a29-05-17 $be 209A/01 $a/ $f000 $x00 209A/01 $ab*p $x01 220C/01 $apgar 244Z/01 $#Böhmische Kronländer $#Länder der Böhmischen Krone $#Sudetenland $#Böhmen $#Mähren $#Mährisch-Schlesien $#Österreichisch-Schlesien $#Tschechische Sozialistische Republik Böhmische Länder $#Tschechei Böhmische Länder $#Země koruny české $74069573-6 $8--Tg1--Böhmische Länder $x01 $9085195553 247C/01 $82080>Marburg/Lahn, Herder-Institut, Forschungsbibliothek, Bibliographieportal $9336309341
| LEADER | 00000caa a2200000 c 4500 | ||
|---|---|---|---|
| 001 | 40375271X | ||
| 003 | DE-603 | ||
| 005 | 20170529230052.0 | ||
| 007 | tu | ||
| 008 | 170529s2013 xx |||| | u00||u|eng c | ||
| 035 | |a (DE-599)HEB40375271X | ||
| 040 | |a DE-603 |b ger |c DE-603 |d DE-603 |e rda | ||
| 041 | |a eng | ||
| 100 | 1 | |a Doležalová, Lucie |d 1977- |e Verfasser |4 aut |0 (DE-603)21826061X |0 (DE-588)139842446 |2 gnd | |
| 245 | 0 | 0 | |a Verses on the Effects of the Eucharist |b Memory and the Material Text in Utraquist Miscellanies |c Lucie Doležalová |
| 264 | 0 | |c 2013 | |
| 300 | |b Illustrationen | ||
| 336 | |a Text |b txt |2 rdacontent | ||
| 337 | |a ohne Hilfsmittel zu benutzen |b n |2 rdamedia | ||
| 338 | |a Band |b nc |2 rdacarrier | ||
| 500 | |a Literaturverzeichnis Seite 133-136 | ||
| 648 | 7 | |a Geschichte 1200-1550 |2 gnd | |
| 650 | 7 | |a Utraquisten |0 (DE-588)4756291-2 |0 (DE-603)115226184 |2 gnd | |
| 650 | 7 | |a Miszellaneen |0 (DE-588)7574038-2 |0 (DE-603)188482679 |2 gnd | |
| 650 | 7 | |a Geschichtsbewusstsein |0 (DE-588)4020526-5 |0 (DE-603)085049387 |2 gnd | |
| 773 | 0 | 8 | |i Enthalten in |t Religious controversy in Europe, 1378 - 1536 |d Turnhout : Brepols, 2013 |h VIII, 350 S., Ill., graph. Darst. |z 2503544282 |z 9782503544281 |g (2013), Seite 105-136 |w (DE-603)334337186 |
| 924 | 0 | |9 2080 |a (DE-603)1000010414 |b DE-2080 |c HES |d d |g / | |


